Bandeira Preta (Registo nº 197949)

Detalhes MARC
000 -Etiqueta do registo
Valores 00689nam 22002413 4500
021 ## - Número do Depósito Legal
Código do país Portugal
Número 4790/84
100 ## - Dados gerais de processamento
Dados gerais 20250918d u||y0pory50 ba
101 ## - Língua de publicação
Língua Português
102 ## - País de publicação
País Portugal
200 ## - Titulo e menção de responsabilidade
Título próprio Bandeira Preta
Primeira menção de responsabilidade Branquinho da Fonseca
205 ## - Menção da edição
Edição
210 ## - Publicação
Local de publicação Lisboa
Nome do editor Portugália Editora
Data de publicação 1984
215 ## - Descrição física 
Paginação / Volumes 211, [5] p.
Outras indicações físicas Brochado
Dimensões 19 cm
225 ## - Colecção 
Título próprio da colecção Obras de Branquinho da Fonseca
300 ## - Notas gerais 
Texto da nota Contos
606 ## - Nome comum usado como assunto
ID Autoridade 3481
Palavra de ordem Literatura Portuguesa Contos
675 ## - CDU
Notação 821.134.3-34/FON/BAN
Edição PT
Língua por
700 ## - Autor principal (pessoa individual)
ID Autoridade 13975
Apelido Fonseca
Nome Branquinho da
Datas 1905-1974
801 ## - Fonte de origem
País PT
Agência BMMN
Regras de catalogação RPC
830 ## - Notas gerais do catalogador
Criado por Carlos Pinto
Data de criação 18-09-2025
Indexado por Carlos Pinto
990 ## - Elementos KOHA
Tipo de documento Livro
Exemplares
Situação do levantamento Biblioteca de origem Código de barras Cota Permissão de empréstimo Tipo de documento Forma de aquisição
  Escola Secundária de Montemor-o-Novo 26139 821.134.3-34/FON/BAN   Livro Compra

Powered by Koha